000 00716cab a2200205 4500
001 WB2717-18
008 090401t1991 xxu||||| |||| 00| 0 eng d
035 _a(Sirsi) u64837
041 _aeng
245 _aAcid rain and buildings
260 _c1991
350 _a0
490 _aBuilding & Civil Engineering Research Focus
_vno 5 April 1991 p6
520 _aBRE is undertaking research into rates of decay of building materials as part of a programme to assess the extent of damage to historic buildings from various forms of air pollution .
650 _aACID RAIN
650 _aNATIONAL MATERIALS EXPOSURE PROGRAMME
690 _aENVIRONMENTAL AND LAND CONSULTANCY
942 _n0
948 _c04/03/1997
999 _c40392
_d40392